LEADER 00879nam a2200229 u 4500 001 000000106192 003 CaOOAMICUS 005 20070710144311.0 008 070710s1965 it u000 u ita u 040 $aPUL$bita$dGP 245 00$aSurrealismo e simbolismo . 260 $aPadova :$bCEDAM,$c1965. 300 $a155 p. ;$c24 cm. 490 1 $aArchivio di filosofia ;$vanno [33] (1965) 650 14$aSimbolismo (filosofia).$0(OLS)http://pul/subject/12718 830 0$aArchivio di filosofia (CEDAM).$0(OLS)http://pul/title/133675 850 $aPUL 852 $aPUL$W1$xSL Filosofia 1$y2$m97 L 33.2$j119265$aAnno 33, n. 3 (1965).$qStampati$B119154$CPULBib$Z2$F119154 $82 941 1 $a8 983 0$aArchivio di filosofia (Fabrizio Serra) 996 $6245$aSurrealismo e simbolismo $9(OLS)http://pul/title/133733 996 $6260$aPadova :$bCEDAM$9(OLS)http://pul/publisher/48126 LEADER 01361naa a2200277 u 4500 001 000000113832 003 CaOOAMICUS 005 20081110145422.0 008 081110s2008 it u000 u ita r 020 $z88-343-1642-9* 040 $aPUL$bita$dLDB 100 1 $aGalantini, Luca.$0(OLS)http://pul/name/70215 245 13$aLa tutela delle identità culturali nel governo d'Europa :$bsovranità e sussidiarietà nel processo di integrazione europeo /$cLuca Galantini. 260 $aMilano :$bV&P Università,$cc2008. 300 $a130 p. ;$c22 cm. 490 1 $aScienze politiche.$aRicerche 504 $aBibliografia : p. [127]-130. 650 4$aCultura$zEuropa.$0(OLS)http://pul/subject/14258 650 14$aTutela dei diritti.$0(OLS)http://pul/subject/17090 830 0$aRicerche (Vita e pensiero).$pScienze politiche.$0(OLS)http://pul/title/143046 850 $aPUL 852 $aPUL$W1$xSL Diritto e Scienze Sociali 3$y79$m306. 094 GALLU 1$j130036$qDDC 21$B129110$CPULBib$Z2$F129110 $H108274 $82 941 1 $a9 996 $6020$z88-343-1642-9*$9(OLS)http://pul/number/139140 996 $6245$aLa tutela delle identità culturali nel governo d'Europa :$bsovranità e sussidiarietà nel processo di integrazione europeo$9(OLS)http://pul/title/143045 996 $6260$aMilano :$bV&P Università$9(OLS)http://pul/publisher/69887